000 00308nam a22001337a 4500
008 180226b xxu||||| |||| 00| 0 eng d
020 _a081922401
041 _aeng
080 _a91
100 _aart
101 _a42
245 _amasters of world painting henri matisse
_cmatisse.h
942 _2udc
_cBK
999 _c43417
_d43417